[Event "Kuwait Rapid op 1st"]
[Site "Kuwait City"]
[Date "2025.01.10"]
[Round "7"]
[White "Thrinish, Saii Gokulnath"]
[Black "Majid, Khudhair Khalaf"]
[Result "0-1"]
[WhiteElo "1410"]
[BlackElo "1915"]
[PlyCount "82"]
[EventDate "2025.01.09"]
[EventType "swiss (rapid)"]
[EventRounds "9"]
[EventCountry "KUW"]
[SourceTitle "CB03_2025"]
[SourceDate "2025.01.15"]
[SourceVersion "1"]
[SourceVersionDate "2025.01.15"]
[SourceQuality "1"]

1. d4 d5 2. Nf3 Nf6 3. Bf4 e6 4. e3 c5 5. c3 Nc6 6. Bd3 Bd6 7. Ne5 0-0 8. Nd2 Bxe5 9. dxe5 Nd7 10. Nf3 f6 11. exf6 Nxf6 12. 0-0 Qe7 13. Bg5 e5 14. e4 d4 15. Bc4+ Be6 16. Bxe6+ Qxe6 17. Re1 Qg4 18. Bxf6 Rxf6 19. Qb3+ Kh8 20. h3 Qd7 21. cxd4 cxd4 22. Rac1 Raf8 23. Rcd1 Rf4 24. Rd3 Qf7 25. Qxf7 R8xf7 26. Rb3 h6 27. Rd1 Rxe4 28. Rdd3 Ref4 29. Rb5 e4 30. Rdb3 exf3 31. gxf3 b6 32. Rd5 R4f5 33. Rd6 Ne5 34. Rb5 Nxf3+ 35. Kf1 Rxb5 36. Rd8+ Kh7 37. Ke2 Rxb2+ 38. Kd3 Rd2+ 39. Ke4 Rxa2 40. Rd5 Ra3 41. Rf5 Kh8 0-1